000 00549nam a2200229Ia 4500
003 OSt
005 20220924152422.0
006 a|||||r|||| 00| 0
007 ta
008 220923b |||||||| |||| 00| 0 mar d
024 _a342456
037 _cTextual
040 _aARTS
_cARTS
_bmar
041 _2mar
_amar
082 _aQ22:33, 155w1K3
100 _aBhave Au.
245 0 _aGeet krishnaya
260 _c1963
650 _aRELIGION
942 _hQ22:33, 155w1K3
_cTEXL
_2CC
999 _c469784
_d469784